000 00701nam a2200205Ia 4500
001 1749
003 GE_BSU
008 181216s||||||||xx |||||||||||||| ||und||
040 _cGE_BSU
080 _a821.133.1-95
100 _aМамедханова,Наида Дж.
245 _aФранцузский роман 70-90-х годов XX века. Поиски новой концепции жизни и героя
260 _aБаку
260 _bЭлм
260 _c2001
300 _a327стр. 19см.
541 _h12л.
653 _aФранцузский роман 70-90-х годов XX века. Поиски новой концепции жизни и героя
942 _cBK
999 _c35858
_d35858